| 000 | 00685nam a2200205 a 4500 | ||
|---|---|---|---|
| 005 | 20210219160056.0 | ||
| 008 | 080723s1985 mx r 000 0 spa d | ||
| 020 | _a9681203194 | ||
| 035 | _aUPN01000158024 | ||
| 049 | _aUNE | ||
| 080 | 1 | 4 | _a972: 327.2 "1914- 1918" DUR. |
| 100 | 1 | _aDurán, Esperanza | |
| 245 | 1 | 0 |
_aGuerra y revolución : _blas grandes potencias y México, 1914-1918 / _cEsperanza Durán. |
| 260 |
_aMéxico : _bEl Colegio de México, _c1985. |
||
| 300 | _a277 p. | ||
| 690 | _aMéxico - Historia - Revolución, 1910-1917 | ||
| 690 | _aInversiones extranjeras - Historia - México | ||
| 690 | _aMéxico - Historia - Inversiones extranjeras | ||
| 905 | _aUNESCO | ||
| 999 |
_c130138 _d130138 |
||